[Event "DSOL 2021"]
[Site "Germany"]
[Date "2021.03.05"]
[Round "5.3"]
[White "Schupp, Uwe"]
[Black "Hagenbach, Udo"]
[Result "0-1"]
[WhiteElo "2114"]
[BlackElo "1524"]
[Annotator "TA"]
[PlyCount "90"]
[EventDate "2021.01.18"]
[EventType "team-tourn"]
[EventCountry "GER"]
[SourceTitle "playchess.com"]
[Source "ChessBase"]
[SourceQuality "1"]
[WhiteTeam "SK Gernsheim"]
[BlackTeam "SV Bergwinkel"]

1. c4 c5 2. g3 Nf6 3. Bg2 Nc6 4. Nc3 g6 5. a3 a6 6. Rb1 Rb8 7. b4 cxb4 8. axb4 b5 9. cxb5 axb5 10. Nf3 Bg7 11. O-O O-O 12. d4 d5 13. Bf4 Bf5 14. Rb3 Rb6 15. Ne5 Ne4 16. Nxc6 Rxc6 17. Nxe4 Bxe4 18. Bxe4 dxe4 19. e3 Qd5 20. g4 Ra8 21. Rb1 Rac8 22. Qd2 Rc2 23. Rfc1 Qa2 24. Qe1 h6 25. Ra1 Qb3 26. Rxc2 Rxc2 27. Qb1 Qc3 28. Ra8+ Kh7 29. Kg2 Qd2 30. Bg3 Qe2 31. Ra1 Qf3+ 32. Kg1 Rd2 33. Qe1 Rb2 34. Qd1 Qxd1+ 35. Rxd1 Rxb4 36. Rc1 g5 37. Rc7 Bf6 38. d5 Kg6 39. Rc6 Kg7 40. Kf1 Rb2 41. Bc7 b4 42. Rc4 b3 43. Rxe4 Rc2 44. Rb4 b2 45. Kg2 Rxc7 0-1

[Event "DSOL 2021"]
[Site "Germany"]
[Date "2021.03.01"]
[Round "5.3"]
[White "Vandre, Wolfgang"]
[Black "Degel, Steven"]
[Result "1/2-1/2"]
[WhiteElo "2112"]
[BlackElo "1868"]
[Annotator "TA"]
[PlyCount "115"]
[EventDate "2021.01.18"]
[EventType "team-tourn"]
[EventCountry "GER"]
[SourceTitle "playchess.com"]
[Source "ChessBase"]
[SourceQuality "1"]

1. d4 Nf6 2. c4 d5 3. cxd5 c6 4. dxc6 Nxc6 5. Nf3 e5 6. e3 exd4 7. Nxd4 Bc5 8. Nxc6 Qxd1+ 9. Kxd1 bxc6 10. Bd3 O-O 11. Ke2 Ng4 12. Rd1 Ne5 13. Nc3 Rd8 14. Bc2 Ba6+ 15. Ke1 Bb4 16. a3 Rxd1+ 17. Kxd1 Rd8+ 18. Ke1 Bxc3+ 19. bxc3 h6 20. Rb1 Nd3+ 21. Bxd3 Rxd3 22. Bd2 Bb5 23. Rb4 Kf8 24. c4 a5 25. Rb2 Bxc4 26. Bxa5 Ke8 27. Rb8+ Kd7 28. Rd8+ Ke6 29. Rxd3 Bxd3 30. Kd2 Bf1 31. g3 Kd5 32. Bc3 f6 33. Ba5 Bg2 34. Bd8 Kc4 35. Be7 h5 36. a4 c5 37. Ke2 Bb7 38. f3 f5 39. h3 Ba6 40. Kf2 Bc8 41. Bf8 g6 42. Ke2 Bb7 43. g4 Bc6 44. a5 Kb5 45. a6 c4 46. a7 fxg4 47. fxg4 hxg4 48. hxg4 Kb6 49. Kd2 Kxa7 50. Kc3 Bd5 51. Kd4 Bf7 52. Bb4 Kb6 53. Ke5 Kb5 54. Bc3 Ka4 55. Kf6 Kb3 56. Bd4 Bd5 57. Kxg6 c3 58. Bxc3 1/2-1/2

[Event "DSOL 2021"]
[Site "Germany"]
[Date "2021.03.03"]
[Round "5.3"]
[White "Otto, Andreas"]
[Black "Dzierzenga, Stefan"]
[Result "1/2-1/2"]
[WhiteElo "2108"]
[BlackElo "2200"]
[Annotator "TA"]
[PlyCount "20"]
[EventDate "2021.01.18"]
[EventType "team-tourn"]
[EventCountry "GER"]
[SourceTitle "playchess.com"]
[Source "ChessBase"]
[SourceQuality "1"]

1. c4 f5 2. Nf3 e6 3. g3 Nf6 4. Nc3 d5 5. Bg2 c6 6. b3 Bd6 7. O-O O-O 8. d3 e5 9. cxd5 cxd5 10. Bg5 Qa5 1/2-1/2

[Event "DSOL 2021"]
[Site "Germany"]
[Date "2021.03.04"]
[Round "5.3"]
[White "Schmidt, Markus"]
[Black "Ohler, Julius"]
[Result "1-0"]
[WhiteElo "2089"]
[BlackElo "2010"]
[Annotator "TA"]
[PlyCount "97"]
[EventDate "2021.01.18"]
[EventType "team-tourn"]
[EventCountry "GER"]
[SourceTitle "playchess.com"]
[Source "ChessBase"]
[SourceQuality "1"]

1. c4 e5 2. g3 Nf6 3. Bg2 Nc6 4. Nc3 Bc5 5. e3 a6 6. Nge2 d6 7. O-O O-O 8. a3 Ba7 9. b3 Bd7 10. Bb2 Qc8 11. Nd5 Nxd5 12. cxd5 Ne7 13. f4 Ng6 14. Qc2 Bb6 15. Nc3 exf4 16. gxf4 Nh4 17. Rf2 Nxg2 18. Rxg2 f6 19. Kh1 Rf7 20. Rag1 Bf5 21. Qd1 Qd7 22. h4 Re8 23. Qf3 Kh8 24. Kh2 Rfe7 25. Rg3 h6 26. Qh5 Rf8 27. Nd1 Bc2 28. Nf2 Qe8 29. Rg6 Bxg6 30. Rxg6 Bxe3 31. dxe3 Rxe3 32. Bc1 Re2 33. Kg3 Rc2 34. Ng4 Qe5 35. fxe5 Rxc1 36. Nxh6 Rc3+ 37. Kh2 Rc2+ 38. Rg2 Rxg2+ 39. Kxg2 gxh6 40. Qxh6+ Kg8 41. Qg6+ Kh8 42. exf6 Rg8 43. Qg5 Kh7 44. Kf3 Rxg5 45. hxg5 Kg6 46. Ke4 c6 47. b4 a5 48. dxc6 bxc6 49. bxa5 1-0

[Event "DSOL 2021"]
[Site "Germany"]
[Date "2021.03.01"]
[Round "5.3"]
[White "Koch, Yannick"]
[Black "Schulze, Marc"]
[Result "0-1"]
[WhiteElo "2086"]
[BlackElo "2222"]
[Annotator "TA"]
[PlyCount "60"]
[EventDate "2021.01.18"]
[EventType "team-tourn"]
[EventCountry "GER"]
[SourceTitle "playchess.com"]
[Source "ChessBase"]
[SourceQuality "1"]

1. d4 Nf6 2. c4 g6 3. Nc3 Bg7 4. e4 O-O 5. f3 d6 6. Be3 c6 7. Nge2 a6 8. a4 a5 9. Qd2 Na6 10. g4 h5 11. gxh5 Nxh5 12. Ng3 Nxg3 13. hxg3 f5 14. Bh6 Rf7 15. Bxg7 Rxg7 16. Qh6 Kf7 17. O-O-O Nc7 18. g4 fxg4 19. fxg4 Qg8 20. e5 d5 21. Bd3 Be6 22. c5 Ke8 23. Qg5 Kd7 24. Rh6 Rf8 25. Rf1 Rxf1+ 26. Bxf1 Rh7 27. Rxg6 Qf7 28. Be2 Qf2 29. Qd2 Bf7 30. g5 Qg1+ 0-1

[Event "DSOL 2021"]
[Site "Germany"]
[Date "2021.03.05"]
[Round "5.3"]
[White "Strozewski, Frank"]
[Black "Becker, Marco"]
[Result "1-0"]
[WhiteElo "2063"]
[BlackElo "1534"]
[Annotator "TA"]
[PlyCount "101"]
[EventDate "2021.01.18"]
[EventType "team-tourn"]
[EventCountry "GER"]
[SourceTitle "playchess.com"]
[Source "ChessBase"]
[SourceQuality "1"]
[WhiteTeam "SV Erkenschwick I"]
[BlackTeam "SV Horst-Emscher I"]

1. c4 e5 2. e4 Bc5 3. d3 d6 4. g3 Ne7 5. Bg2 O-O 6. Ne2 f5 7. O-O Nbc6 8. Nbc3 a6 9. h3 Rb8 10. Kh2 Nd4 11. Nxd4 Bxd4 12. Ne2 Ba7 13. f4 Ng6 14. b3 Qe7 15. Bb2 exf4 16. Nxf4 Nxf4 17. Rxf4 Be3 18. Rf3 f4 19. Kh1 g5 20. gxf4 gxf4 21. Qe1 b5 22. Qc3 Kf7 23. Raf1 Ke8 24. Bc1 Bxc1 25. Qxc1 bxc4 26. Qxc4 Be6 27. Qc1 Rb5 28. Rxf4 Rxf4 29. Rxf4 Rh5 30. Qc6+ Qd7 31. Qa8+ Qc8 32. Qc6+ Qd7 33. Qc3 Rg5 34. Qf6 Rg8 35. Kh2 c5 36. Qh6 Qe7 37. Rf6 Kd7 38. Bf3 a5 39. Qf4 a4 40. Bg4 Rxg4 41. hxg4 axb3 42. axb3 Bxb3 43. g5 Kc7 44. Kg3 Be6 45. Rh6 c4 46. dxc4 Bxc4 47. Qf5 Bg8 48. Qf6 Qd7 49. e5 Qb5 50. Qxd6+ Kc8 51. Qf8+ 1-0

[Event "DSOL 2021"]
[Site "Germany"]
[Date "2021.03.04"]
[Round "5.3"]
[White "Aldag, Thomas"]
[Black "Schaefer, Sven"]
[Result "0-1"]
[WhiteElo "2058"]
[BlackElo "1987"]
[Annotator "TA"]
[PlyCount "142"]
[EventDate "2021.01.18"]
[EventType "team-tourn"]
[EventCountry "GER"]
[SourceTitle "playchess.com"]
[Source "ChessBase"]
[SourceQuality "1"]

1. e4 c5 2. d4 cxd4 3. c3 d5 4. Qxd4 Nf6 5. e5 Nc6 6. Bb5 Nd7 7. Qxd5 e6 8. Qe4 Qb6 9. Bxc6 bxc6 10. Ne2 Ba6 11. O-O Nc5 12. Qe3 Nd3 13. Qxb6 axb6 14. Nd4 Nxe5 15. Rd1 c5 16. Nb3 Be7 17. a4 Bc4 18. N1d2 Bd5 19. a5 c4 20. Nd4 Rxa5 21. Rxa5 bxa5 22. Nf1 O-O 23. Ne3 Nd3 24. Nxd5 exd5 25. Nc6 Bc5 26. Nxa5 Bxf2+ 27. Kf1 Bb6 28. Nc6 Re8 29. b3 Re6 30. bxc4 Rf6+ 31. Ke2 dxc4 32. Nd4 Rf2+ 33. Ke3 Rxg2 34. Ba3 Rxh2 35. Rb1 Bxd4+ 36. Kxd4 Rh4+ 37. Ke3 h5 38. Be7 Rg4 39. Rb8+ Kh7 40. Rb5 Kg6 41. Rb6+ f6 42. Bf8 h4 43. Rb7 Kf5 44. Kf3 Ne5+ 45. Kf2 Nd3+ 46. Kf3 Rg3+ 47. Ke2 Nf4+ 48. Kf2 g5 49. Bd6 Rxc3 50. Be7 Rc2+ 51. Kg1 Kg4 52. Bxf6 Kg3 53. Rb1 g4 54. Be5 Re2 55. Bd6 c3 56. Rf1 Re4 57. Rc1 Rc4 58. Rc2 Kf3 59. Kf1 g3 60. Kg1 Nd5 61. Be5 h3 62. Rc1 c2 63. Rf1+ Ke4 64. Bb2 Ne3 65. Re1 Kf3 66. Bc1 Re4 67. Bd2 h2+ 68. Kh1 Ng4 69. Rf1+ Nf2+ 70. Rxf2+ gxf2 71. Kxh2 Rh4# 0-1

[Event "DSOL 2021"]
[Site "Germany"]
[Date "2021.03.01"]
[Round "5.3"]
[White "Glitz, Martin"]
[Black "Haas, Frank-Martin"]
[Result "0-1"]
[WhiteElo "2056"]
[BlackElo "2118"]
[Annotator "TA"]
[PlyCount "56"]
[EventDate "2021.01.18"]
[EventType "team-tourn"]
[EventCountry "GER"]
[SourceTitle "playchess.com"]
[Source "ChessBase"]
[SourceQuality "1"]

1. e4 e6 2. d4 d5 3. Nc3 Nf6 4. e5 Nfd7 5. f4 c5 6. Nf3 Nc6 7. Be3 cxd4 8. Nxd4 Bc5 9. Qd2 Nxd4 10. Bxd4 O-O 11. O-O-O a6 12. Qe3 Qc7 13. Bd3 b5 14. Qh3 g6 15. Qe3 b4 16. Ne2 a5 17. h4 a4 18. Kb1 Ba6 19. h5 Rfc8 20. hxg6 fxg6 21. Rxh7 Bxd3 22. cxd3 Kxh7 23. Rh1+ Kg7 24. f5 Rh8 25. Rc1 Bxd4 26. Qg5 Qxe5 27. Qe7+ Kg8 28. Nxd4 Rh7 0-1

[Event "DSOL 2021"]
[Site "Germany"]
[Date "2021.03.04"]
[Round "5.3"]
[White "Khachatryan, Taron"]
[Black "Gallasch, Jonas"]
[Result "1/2-1/2"]
[WhiteElo "2056"]
[BlackElo "2112"]
[Annotator "TA"]
[PlyCount "148"]
[EventDate "2021.01.18"]
[EventType "team-tourn"]
[EventCountry "GER"]
[SourceTitle "playchess.com"]
[Source "ChessBase"]
[SourceQuality "1"]

1. d4 Nf6 2. c4 g6 3. Nf3 Bg7 4. g3 d5 5. cxd5 Nxd5 6. Bg2 O-O 7. O-O Nc6 8. e4 Nb6 9. d5 Na5 10. Nc3 c6 11. Re1 Bg4 12. h3 Bxf3 13. Qxf3 Nac4 14. b3 Ne5 15. Qe3 Rc8 16. Bb2 cxd5 17. exd5 Nec4 18. bxc4 Nxc4 19. Qe2 Nxb2 20. Ne4 Qd7 21. Rab1 Na4 22. d6 exd6 23. Rxb7 Rc7 24. Rxc7 Qxc7 25. Qd2 Rd8 26. Qf4 Qe7 27. Nf6+ Qxf6 28. Qxa4 Qd4 29. Re8+ Rxe8 30. Qxe8+ Bf8 31. a4 Kg7 32. Qd7 Kg8 33. Bf3 Bh6 34. Qe8+ Kg7 35. Qc6 Bd2 36. Qd5 Qa1+ 37. Kg2 Bb4 38. Qb3 Bc5 39. Qc2 Qd4 40. Qa2 h5 41. h4 f5 42. Qe2 Kf6 43. a5 f4 44. Bb7 fxg3 45. fxg3 d5 46. Kh3 Qe5 47. Qf3+ Ke6 48. Bc8+ Ke7 49. Bb7 d4 50. Kg2 Bd6 51. Bd5 Qf5 52. Qxf5 gxf5 53. a6 Kf6 54. Bf3 d3 55. Bxh5 Ke5 56. Kf3 Kd4 57. Be8 Kc5 58. h5 Kb6 59. h6 Kxa6 60. h7 Be5 61. Ke3 Kb6 62. Bg6 Kc5 63. Bxf5 Kd6 64. Kxd3 Ke7 65. g4 Kf7 66. Kc4 Kg7 67. Kb5 Kh8 68. Ka6 Bg7 69. Kxa7 Ba1 70. Kb7 Bg7 71. Kc7 Ba1 72. Kd7 Bg7 73. Ke7 Ba1 74. Kf7 Bg7 1/2-1/2

[Event "DSOL 2021"]
[Site "Germany"]
[Date "2021.03.04"]
[Round "5.3"]
[White "Bauer, Norbert"]
[Black "Solberg, Kirsten"]
[Result "1/2-1/2"]
[WhiteElo "2054"]
[BlackElo "1925"]
[Annotator "TA"]
[PlyCount "95"]
[EventDate "2021.01.18"]
[EventType "team-tourn"]
[EventCountry "GER"]
[SourceTitle "playchess.com"]
[Source "ChessBase"]
[SourceQuality "1"]

1. e4 c5 2. Nf3 d6 3. d4 cxd4 4. Nxd4 Nf6 5. Nc3 e6 6. Be2 Be7 7. Be3 O-O 8. O-O Nc6 9. f4 a6 10. Qe1 Qc7 11. Qg3 Kh8 12. Bd3 e5 13. fxe5 Nxe5 14. Nf5 Bxf5 15. Rxf5 g6 16. Rff1 Nh5 17. Qh3 Qc8 18. Qxc8 Raxc8 19. Nd5 Bd8 20. h3 Kg7 21. g4 Nf6 22. Nxf6 Bxf6 23. Bh6+ Kxh6 24. Rxf6 Rc6 25. Raf1 Kg5 26. Kg2 Kh4 27. R1f2 Rh8 28. Bf1 h5 29. gxh5 Rxh5 30. Rd2 Rg5+ 31. Kh2 Nc4 32. Rf4+ Kh5 33. Rxf7 Re5 34. Rg2 g5 35. Bd3 b5 36. h4 Ne3 37. Rxg5+ Rxg5 38. hxg5 Kxg5 39. c3 Ng4+ 40. Kg3 Ne5 41. Rf5+ Kg6 42. Be2 Rc7 43. Kf4 Rh7 44. Ke3 Rh3+ 45. Kd4 Rh2 46. Ke3 Rh3+ 47. Kd4 Rh2 48. Ke3 1/2-1/2

[Event "DSOL 2021"]
[Site "Germany"]
[Date "2021.03.01"]
[Round "5.3"]
[White "Mews, Bernhard"]
[Black "Schnegelsberg, Karl-Heinz"]
[Result "0-1"]
[WhiteElo "2053"]
[BlackElo "1961"]
[Annotator "TA"]
[PlyCount "82"]
[EventDate "2021.01.18"]
[EventType "team-tourn"]
[EventCountry "GER"]
[SourceTitle "playchess.com"]
[Source "ChessBase"]
[SourceQuality "1"]

1. d4 Nf6 2. Nc3 d5 3. Bf4 c6 4. e3 g6 5. h4 Nbd7 6. Nf3 Bg7 7. Ne5 O-O 8. Bd3 Nh5 9. Bh2 Nxe5 10. dxe5 d4 11. exd4 Qxd4 12. Qe2 Nf4 13. Qe4 Qxe4+ 14. Bxe4 Bxe5 15. Ne2 Bxb2 16. Rb1 Nxe2 17. Rxb2 Nc3 18. Bd3 Na4 19. Rb4 Nc5 20. Be2 Be6 21. Bf4 Bxa2 22. h5 Bd5 23. Bh6 Rfe8 24. f3 f6 25. hxg6 hxg6 26. Be3 Ne6 27. Rbh4 Ng7 28. c4 Be6 29. Bh6 Nf5 30. Re4 Kf7 31. Bf4 Rh8 32. Rxh8 Rxh8 33. Kf2 Nd6 34. Rd4 Rd8 35. c5 Bd5 36. cxd6 e5 37. Ra4 exf4 38. Rxa7 Rd7 39. Ba6 Ke6 40. Rxb7 Rxb7 41. Bxb7 Kxd6 0-1

[Event "DSOL 2021"]
[Site "Germany"]
[Date "2021.03.03"]
[Round "5.3"]
[White "Sarre, Sascha"]
[Black "Oeztuerk, Yasin-Safa"]
[Result "0-1"]
[WhiteElo "2052"]
[BlackElo "1885"]
[Annotator "TA"]
[PlyCount "46"]
[EventDate "2021.01.18"]
[EventType "team-tourn"]
[EventCountry "GER"]
[SourceTitle "playchess.com"]
[Source "ChessBase"]
[SourceQuality "1"]

1. e4 e6 2. d4 d5 3. Nd2 Nf6 4. e5 Nfd7 5. f4 c5 6. c3 Nc6 7. Ndf3 Qb6 8. Ne2 Be7 9. g3 O-O 10. Bh3 Re8 11. O-O Nf8 12. Kg2 f6 13. Rb1 cxd4 14. cxd4 Bd7 15. Be3 Rac8 16. Nc3 Na5 17. Qe2 Nc4 18. Bg1 f5 19. Bxf5 exf5 20. Nxd5 Qa5 21. Nxe7+ Rxe7 22. a3 Nb6 23. Rbc1 Bb5 0-1

[Event "DSOL 2021"]
[Site "Germany"]
[Date "2021.03.05"]
[Round "5.3"]
[White "Hettergott, Thomas"]
[Black "Giraud, Valerian"]
[Result "1-0"]
[WhiteElo "2045"]
[BlackElo "2064"]
[Annotator "TA"]
[PlyCount "63"]
[EventDate "2021.01.18"]
[EventType "team-tourn"]
[EventCountry "GER"]
[SourceTitle "playchess.com"]
[Source "ChessBase"]
[SourceQuality "1"]
[WhiteTeam "SF Heidesheim I"]
[BlackTeam "Hamburger SK II"]

1. e4 e6 2. d4 d5 3. Nd2 Nc6 4. c3 Nf6 5. e5 Nd7 6. Bd3 Qg5 7. g3 f5 8. f4 Qd8 9. Ngf3 Be7 10. O-O O-O 11. b4 a6 12. a4 b6 13. Ba3 h6 14. b5 Na5 15. Bxe7 Qxe7 16. Nh4 Kh7 17. Qh5 Qf7 18. Qxf7 Rxf7 19. Nxf5 Rxf5 20. g4 g6 21. gxf5 gxf5 22. Kf2 Bb7 23. Rg1 axb5 24. axb5 Rg8 25. Rxg8 Kxg8 26. Ra3 Kf7 27. Nb3 Nxb3 28. Rxb3 Ke7 29. Ra3 Kd8 30. Kg3 c5 31. bxc6 Nc5 32. dxc5 1-0

[Event "DSOL 2021"]
[Site "Germany"]
[Date "2021.03.03"]
[Round "5.3"]
[White "Meyling, Lennart"]
[Black "Noetzel, Felix"]
[Result "0-1"]
[WhiteElo "2044"]
[BlackElo "2263"]
[Annotator "TA"]
[PlyCount "70"]
[EventDate "2021.01.18"]
[EventType "team-tourn"]
[EventCountry "GER"]
[SourceTitle "playchess.com"]
[Source "ChessBase"]
[SourceQuality "1"]

1. d4 d5 2. c4 e6 3. Nc3 c6 4. cxd5 exd5 5. Qc2 Nf6 6. Bg5 Be7 7. e3 Nbd7 8. Bd3 O-O 9. Nf3 Re8 10. O-O Nf8 11. Ne5 Ng4 12. Bxe7 Qxe7 13. Nxg4 Bxg4 14. e4 dxe4 15. Bxe4 Rad8 16. f3 Be6 17. Rad1 Qg5 18. f4 Qf6 19. d5 Bg4 20. Rd3 Bf5 21. dxc6 Rxe4 22. Nd5 Rxd5 23. Rxd5 bxc6 24. Re5 Qg6 25. Qc5 Rxe5 26. fxe5 Be4 27. Qf2 Bd5 28. a3 h5 29. Re1 h4 30. h3 Ne6 31. Re2 Qg5 32. Re3 Nf4 33. g4 hxg3 34. Qxg3 Ne2+ 35. Kf2 Nxg3 0-1

[Event "DSOL 2021"]
[Site "Germany"]
[Date "2021.03.01"]
[Round "5.3"]
[White "Wenzel, Birger"]
[Black "Meister, Jakob"]
[Result "0-1"]
[WhiteElo "2034"]
[BlackElo "2416"]
[Annotator "TA"]
[PlyCount "52"]
[EventDate "2021.01.18"]
[EventType "team-tourn"]
[EventCountry "GER"]
[SourceTitle "playchess.com"]
[Source "ChessBase"]
[SourceQuality "1"]

1. d4 Nf6 2. Nf3 d5 3. Bf4 e6 4. e3 Bd6 5. Ne5 O-O 6. Bd3 c5 7. c3 Nc6 8. Nd2 Qc7 9. Ndf3 h6 10. h4 Nd7 11. Nxd7 Bxd7 12. Bxd6 Qxd6 13. h5 e5 14. dxe5 Nxe5 15. Nxe5 Qxe5 16. Bc2 Bf5 17. Bxf5 Qxf5 18. Qd2 Rfd8 19. Rh4 d4 20. exd4 cxd4 21. cxd4 Rac8 22. Rc1 Rxc1+ 23. Qxc1 Rc8 24. Qd1 Rc2 25. Rf4 Qe6+ 26. Kf1 Qc4+ 0-1

[Event "DSOL 2021"]
[Site "Germany"]
[Date "2021.03.05"]
[Round "5.3"]
[White "Leitzke, Walter"]
[Black "Giering, Goetz"]
[Result "0-1"]
[WhiteElo "2030"]
[BlackElo "1831"]
[Annotator "TA"]
[PlyCount "46"]
[EventDate "2021.01.18"]
[EventType "team-tourn"]
[EventCountry "GER"]
[SourceTitle "playchess.com"]
[Source "ChessBase"]
[SourceQuality "1"]
[WhiteTeam "SC Braunschweig"]
[BlackTeam "SV Lauf I"]

1. d4 d5 2. Bf4 Nf6 3. e3 c5 4. c3 Qb6 5. Qb3 c4 6. Qc2 g6 7. Nd2 Bf5 8. Qc1 Bg7 9. h3 h5 10. Ngf3 Nc6 11. Be2 O-O 12. O-O Rfe8 13. b3 cxb3 14. axb3 Rac8 15. Qa3 Ne4 16. Nxe4 Bxe4 17. Nd2 Bf5 18. c4 e5 19. dxe5 Nxe5 20. cxd5 Nd3 21. Nc4 Rxc4 22. bxc4 Nxf4 23. exf4 Bxa1 0-1

[Event "DSOL 2021"]
[Site "Germany"]
[Date "2021.03.04"]
[Round "5.3"]
[White "Schneider, Jens Erik"]
[Black "Kaspar, Uwe"]
[Result "1/2-1/2"]
[WhiteElo "2026"]
[BlackElo "1904"]
[Annotator "TA"]
[PlyCount "116"]
[EventDate "2021.01.18"]
[EventType "team-tourn"]
[EventCountry "GER"]
[SourceTitle "playchess.com"]
[Source "ChessBase"]
[SourceQuality "1"]

1. d4 e6 2. c4 b6 3. Nc3 Bb7 4. e3 Nf6 5. Nf3 Be7 6. Bd3 c5 7. O-O cxd4 8. exd4 O-O 9. Bg5 d5 10. Bxf6 Bxf6 11. cxd5 Bxd5 12. Nxd5 Qxd5 13. Re1 Nc6 14. Be4 Qd6 15. Ne5 Bxe5 16. dxe5 Qxd1 17. Raxd1 Rac8 18. f4 Na5 19. Rd7 Rfd8 20. Red1 Rxd7 21. Rxd7 g6 22. b4 Nc4 23. Bb7 Rb8 24. Ba6 Ne3 25. g3 Nc2 26. b5 Nb4 27. a3 Nxa6 28. bxa6 Ra8 29. Kf2 Kg7 30. Ke3 Rc8 31. Kd4 Rc5 32. Rxa7 Ra5 33. Kc4 h5 34. Kb4 g5 35. Ra8 gxf4 36. gxf4 h4 37. a7 h3 38. a4 Kh7 39. Rb8 Rxa7 40. Rxb6 Rc7 41. Ka3 Rc2 42. Rb2 Rc4 43. Rb3 Rxf4 44. Rxh3+ Kg6 45. Re3 Rh4 46. h3 Kf5 47. a5 Kf4 48. Rb3 Kxe5 49. a6 Rh8 50. Ka4 Ra8 51. Ka5 f5 52. Re3+ Kd6 53. h4 f4 54. Rd3+ Kc5 55. h5 e5 56. h6 e4 57. Rc3+ Kd4 58. Rc7 f3 1/2-1/2

[Event "DSOL 2021"]
[Site "Germany"]
[Date "2021.03.04"]
[Round "5.3"]
[White "Baumann, Stephan"]
[Black "Haack, Kevin"]
[Result "1-0"]
[WhiteElo "2018"]
[BlackElo "1824"]
[Annotator "TA"]
[PlyCount "120"]
[EventDate "2021.01.18"]
[EventType "team-tourn"]
[EventCountry "GER"]
[SourceTitle "playchess.com"]
[Source "ChessBase"]
[SourceQuality "1"]

1. e4 c5 2. Nc3 Nc6 3. Bb5 Nd4 4. Bc4 e6 5. Nge2 Nf6 6. O-O a6 7. d3 b5 8. Bb3 Nxb3 9. axb3 Bb7 10. f4 d5 11. e5 d4 12. exf6 dxc3 13. f5 Qxf6 14. fxe6 cxb2 15. exf7+ Kd8 16. Bxb2 Qxb2 17. d4 Kc7 18. Qd2 Rd8 19. Rfb1 Qxb1+ 20. Rxb1 b4 21. Nf4 Bc8 22. d5 Bd6 23. Qe3 Kb7 24. Ne6 Bxe6 25. dxe6 Be7 26. Qf3+ Kb6 27. Rd1 Rhf8 28. Rd5 Kc7 29. Qg3+ Kc6 30. Rxd8 Rxd8 31. Qxg7 Kd6 32. Qg4 Ke5 33. Qe2+ Kf6 34. g4 Rd4 35. f8=Q+ Bxf8 36. Qf3+ Kxe6 37. Qxf8 Rxg4+ 38. Kf2 Rg5 39. Qh6+ Rg6 40. Qxh7 Rf6+ 41. Ke3 Kd6 42. h4 a5 43. h5 Re6+ 44. Kd3 a4 45. bxa4 Kc6 46. Qg7 Rd6+ 47. Kc4 Rd4+ 48. Qxd4 cxd4 49. Kxd4 Kb6 50. Kc4 Ka5 51. Kb3 Kb6 52. Kxb4 Kc6 53. h6 Kd5 54. h7 Kd4 55. h8=Q+ Kd5 56. c4+ Kc6 57. Qf6+ Kd7 58. Kc5 Ke8 59. Qg7 Kd8 60. Kd6 Kc8 1-0

[Event "DSOL 2021"]
[Site "Germany"]
[Date "2021.03.02"]
[Round "5.3"]
[White "Schulz, Toni"]
[Black "Horneber, Thomas"]
[Result "0-1"]
[WhiteElo "2000"]
[BlackElo "1639"]
[Annotator "TA"]
[PlyCount "54"]
[EventDate "2021.01.18"]
[EventType "team-tourn"]
[EventCountry "GER"]
[SourceTitle "playchess.com"]
[Source "ChessBase"]
[SourceQuality "1"]

1. d4 d6 2. Bf4 g6 3. e3 Bg7 4. Nf3 c5 5. c3 cxd4 6. exd4 Nf6 7. Be2 O-O 8. O-O Bd7 9. Re1 Re8 10. Qb3 Nc6 11. Nbd2 e5 12. dxe5 dxe5 13. Bg5 Qc7 14. Bc4 Na5 15. Bxf7+ Kf8 16. Qb4+ Kxf7 17. Bxf6 Bxf6 18. Ne4 Be7 19. Neg5+ Kg7 20. Qe4 Bf6 21. Qe2 Qc4 22. Qd2 Rad8 23. Re4 Qc7 24. Rh4 h5 25. Qe1 Bg4 26. Rd1 Bxf3 27. Rxd8 Qxd8 0-1

[Event "DSOL 2021"]
[Site "Germany"]
[Date "2021.03.02"]
[Round "5.3"]
[White "Wolff, Christoph"]
[Black "Spiel, Marianne"]
[Result "1-0"]
[WhiteElo "1994"]
[BlackElo "1869"]
[Annotator "TA"]
[PlyCount "71"]
[EventDate "2021.01.18"]
[EventType "team-tourn"]
[EventCountry "GER"]
[SourceTitle "playchess.com"]
[Source "ChessBase"]
[SourceQuality "1"]

1. e4 e6 2. d4 d5 3. exd5 exd5 4. Nf3 Nf6 5. Bd3 Bd6 6. Qe2+ Qe7 7. Qxe7+ Bxe7 8. Bf4 c6 9. O-O O-O 10. Re1 Re8 11. Nbd2 Bg4 12. Ne5 Bh5 13. h3 Nbd7 14. g4 Bg6 15. Nxg6 hxg6 16. Nf3 Nf8 17. c3 Ne6 18. Bg3 Rad8 19. Rxe6 fxe6 20. Bxg6 Rf8 21. Ng5 Nxg4 22. Nxe6 Nh6 23. Nxf8 Rxf8 24. Re1 Bg5 25. Bd6 Rd8 26. Be7 Bxe7 27. Rxe7 Rb8 28. Kg2 Kf8 29. Rc7 Kg8 30. b4 Kh8 31. a4 Ng8 32. a5 a6 33. Bf5 Nf6 34. Rc8+ Rxc8 35. Bxc8 Ne4 36. Bxb7 1-0

[Event "DSOL 2021"]
[Site "Germany"]
[Date "2021.03.05"]
[Round "5.3"]
[White "Kordts, Michael"]
[Black "Kramer, Kurt Melik"]
[Result "1-0"]
[WhiteElo "1991"]
[BlackElo "2049"]
[Annotator "TA"]
[PlyCount "113"]
[EventDate "2021.01.18"]
[EventType "team-tourn"]
[EventCountry "GER"]
[SourceTitle "playchess.com"]
[Source "ChessBase"]
[SourceQuality "1"]
[WhiteTeam "SC Wrist-Kellinghusen"]
[BlackTeam "SU Ebersberg-Grafing"]

1. d4 d5 2. Nf3 Nf6 3. g3 e6 4. Bg2 b5 5. a4 b4 6. O-O c5 7. c4 Bb7 8. Nbd2 Be7 9. dxc5 O-O 10. cxd5 Bxd5 11. Nb3 Nbd7 12. Be3 Rc8 13. Rc1 Ng4 14. Bd4 e5 15. Bh3 exd4 16. Bxg4 Rc7 17. Nbxd4 Nxc5 18. e3 a6 19. Nd2 Re8 20. Bf3 Bf6 21. Bxd5 Qxd5 22. Rc4 Rd8 23. Qf3 Rcd7 24. Nc6 Re8 25. Qxd5 Rxd5 26. Nxb4 Rxd2 27. Rxc5 Be7 28. Re5 Kf8 29. Nxa6 Ra8 30. Nc5 Bxc5 31. Rxc5 Rxa4 32. Rc8+ Ke7 33. Rfc1 Rb4 34. R1c7+ Rd7 35. Rxd7+ Kxd7 36. Rh8 Ke7 37. Rxh7 g6 38. Rh4 Rxb2 39. Ra4 f5 40. Kg2 Kf6 41. e4 fxe4 42. Rxe4 g5 43. h4 Kf5 44. Ra4 gxh4 45. Rxh4 Ra2 46. Rf4+ Kg5 47. Kh3 Ra1 48. Rc4 Rh1+ 49. Kg2 Ra1 50. Rc5+ Kg6 51. f4 Ra3 52. Kh3 Rd3 53. Kg4 Rd6 54. f5+ Kf6 55. Rc4 Ra6 56. Kf4 Ra1 57. Rc6+ 1-0

[Event "DSOL 2021"]
[Site "Germany"]
[Date "2021.03.01"]
[Round "5.3"]
[White "Brettschneider, Karl"]
[Black "Meyer, Frank"]
[Result "0-1"]
[WhiteElo "1968"]
[BlackElo "1620"]
[Annotator "TA"]
[PlyCount "154"]
[EventDate "2021.01.18"]
[EventType "team-tourn"]
[EventCountry "GER"]
[SourceTitle "playchess.com"]
[Source "ChessBase"]
[SourceQuality "1"]

1. c4 Nf6 2. Nc3 d5 3. cxd5 Nxd5 4. g3 e6 5. Bg2 Be7 6. d4 O-O 7. e4 Nf6 8. Nge2 b6 9. O-O Bb7 10. h3 c5 11. e5 Bxg2 12. exf6 Bxf1 13. fxe7 Qxe7 14. Qxf1 cxd4 15. Nxd4 Nd7 16. Be3 Rfc8 17. Rd1 h6 18. f4 Nf6 19. Qf3 Rd8 20. Kf2 Qb4 21. Rd2 Rac8 22. a3 Qe7 23. Re2 Nd5 24. Nxd5 Rxd5 25. Qe4 Qd6 26. Nf3 f6 27. Qa4 Ra5 28. Qb3 Kh8 29. Nd4 e5 30. Nb5 Qd7 31. a4 Qxh3 32. Nd6 Qh2+ 33. Kf3 Qh1+ 34. Kf2 Qh2+ 35. Kf3 Qh1+ 36. Kf2 Rf8 37. Nb5 e4 38. Bd4 Qh2+ 39. Ke1 Qh1+ 40. Kf2 Rd8 41. Rd2 Qh2+ 42. Ke1 Qh1+ 43. Kf2 Re8 44. Re2 h5 45. Nc7 Rc8 46. Ne6 Qh2+ 47. Ke1 Qh1+ 48. Kf2 h4 49. gxh4 Rh5 50. Qg3 Rh7 51. Bc3 Re8 52. f5 Qxh4 53. Qxh4 Rxh4 54. Kg3 Rh1 55. Rxe4 Rf1 56. Kg4 Rg1+ 57. Kh5 Rf1 58. Kg6 Re7 59. Rg4 Kg8 60. Bxf6 Rxe6 61. fxe6 Rxf6+ 62. Kg5 Rxe6 63. Rc4 Kf7 64. Rc7+ Re7 65. Rc6 Re5+ 66. Kf4 Ra5 67. b3 g6 68. Rc7+ Kf6 69. Rc6+ Kg7 70. Kg4 Kh6 71. Rc7 a6 72. Rb7 b5 73. Ra7 bxa4 74. b4 Rb5 75. Rxa6 Rxb4+ 76. Kg3 Kh5 77. Ra5+ g5 0-1